The Unobtrusive Tactics of Religious Movements
Many religious and spiritual movements mobilize to establish sacred fields which influence everyday life in multiple social domains. Because these devout groups operate across many institutional fields, scholars of religiously motivated movements are uniquely poised to contribute to scholarship on m...
| Main Author: | |
|---|---|
| Format: | Electronic Article |
| Language: | English |
| Check availability: | HBZ Gateway |
| Interlibrary Loan: | Interlibrary Loan for the Fachinformationsdienste (Specialized Information Services in Germany) |
| Published: |
2014
|
| In: |
Sociology of religion
Year: 2014, Volume: 75, Issue: 4, Pages: 537-550 |
| Online Access: |
Volltext (JSTOR) Volltext (lizenzpflichtig) Volltext (lizenzpflichtig) |
| Parallel Edition: | Non-electronic
|
MARC
| LEADER | 00000caa a22000002c 4500 | ||
|---|---|---|---|
| 001 | 1819429008 | ||
| 003 | DE-627 | ||
| 005 | 20250325023941.0 | ||
| 007 | cr uuu---uuuuu | ||
| 008 | 221020s2014 xx |||||o 00| ||eng c | ||
| 024 | 7 | |a 10.1093/socrel/sru055 |2 doi | |
| 035 | |a (DE-627)1819429008 | ||
| 035 | |a (DE-599)KXP1819429008 | ||
| 040 | |a DE-627 |b ger |c DE-627 |e rda | ||
| 041 | |a eng | ||
| 084 | |a 0 |2 ssgn | ||
| 100 | 1 | |8 1\p |e VerfasserIn |0 (DE-588)1100397019 |0 (DE-627)859357694 |0 (DE-576)421128763 |4 aut |a Kucinskas, Jaime Lee | |
| 109 | |a Kucinskas, Jaime Lee |a Kucinskas, Jaime | ||
| 245 | 1 | 4 | |a The Unobtrusive Tactics of Religious Movements |
| 264 | 1 | |c 2014 | |
| 336 | |a Text |b txt |2 rdacontent | ||
| 337 | |a Computermedien |b c |2 rdamedia | ||
| 338 | |a Online-Ressource |b cr |2 rdacarrier | ||
| 520 | |a Many religious and spiritual movements mobilize to establish sacred fields which influence everyday life in multiple social domains. Because these devout groups operate across many institutional fields, scholars of religiously motivated movements are uniquely poised to contribute to scholarship on multiinstitutional politics and on how institutional change can be initiated and influenced by external cultural movements. In this paper, I bring attention to how religious movements can mobilize through unobtrusive political tactics which build upon extant social structures in multiple institutional fields, rather than through contentious tactics which are the focus of most movement research. Based on prior scholarship on religious movements and my own research, I identify how religious movements can expand through unobtrusive, nonconfrontational tactics such as “discursive politics,” developing a “state within a state,” “burrowing into” targeted organizations, and “assimilating into” mainstream organizations. These mechanisms identified in religious movement scholarship contribute to underdeveloped areas of scholarship at the intersection of social movement mobilization, organizational change, and field development, and provide a platform upon which future research can build. | ||
| 773 | 0 | 8 | |i Enthalten in |t Sociology of religion |d Oxford : Oxford Univ. Pr., 1993 |g 75(2014), 4, Seite 537-550 |w (DE-627)341903728 |w (DE-600)2070139-1 |w (DE-576)263021270 |x 1759-8818 |7 nnas |
| 773 | 1 | 8 | |g volume:75 |g year:2014 |g number:4 |g pages:537-550 |
| 776 | |i Erscheint auch als |n Druckausgabe |w (DE-627)1647200458 |k Non-Electronic | ||
| 856 | |3 Volltext |u http://www.jstor.org/stable/24580105 |x JSTOR | ||
| 856 | 4 | 0 | |u https://doi.org/10.1093/socrel/sru055 |x Resolving-System |z lizenzpflichtig |3 Volltext |7 1 |
| 856 | 4 | 0 | |u https://academic.oup.com/socrel/article/75/4/537/2261297 |x Verlag |z lizenzpflichtig |3 Volltext |7 1 |
| 883 | |8 1\p |a cgwrk |d 20250301 |q DE-101 |u https://d-nb.info/provenance/plan#cgwrk | ||
| 935 | |a mteo | ||
| 951 | |a AR | ||
| ELC | |a 1 | ||
| ITA | |a 1 |t 1 | ||
| LOK | |0 000 xxxxxcx a22 zn 4500 | ||
| LOK | |0 001 4199335145 | ||
| LOK | |0 003 DE-627 | ||
| LOK | |0 004 1819429008 | ||
| LOK | |0 005 20221020053814 | ||
| LOK | |0 008 221020||||||||||||||||ger||||||| | ||
| LOK | |0 035 |a (DE-Tue135)IxTheo#2022-09-27#8A0547E9DA864D07BF2A413C8E5F2D03D2A53EDF | ||
| LOK | |0 040 |a DE-Tue135 |c DE-627 |d DE-Tue135 | ||
| LOK | |0 092 |o n | ||
| LOK | |0 852 |a DE-Tue135 | ||
| LOK | |0 852 1 |9 00 | ||
| LOK | |0 866 |x JSTOR#http://www.jstor.org/stable/24580105 | ||
| LOK | |0 935 |a ixzs |a ixrk |a zota | ||
| LOK | |0 939 |a 20-10-22 |b l01 | ||
| ORI | |a SA-MARC-ixtheoa001.raw | ||
| REL | |a 1 | ||
| SUB | |a REL | ||



